Origin of Shiv Dharma / (Record no. 41828)

MARC details
000 -LEADER
fixed length control field 00620nam a22002057a 4500
005 - DATE AND TIME OF LATEST TRANSACTION
control field 20100814114824.0
010 ## - LCCN (DPL NO)
LC control number ENG-100351
020 ## - INTERNATIONAL STANDARD BOOK NUMBER
Terms of availability 30.00
035 ## - SYSTEM CONTROL NUMBER
System control number EN-83883
037 ## - SOURCE OF ACQUISITION
Source of stock number/acquisition DBAD/PUB
082 ## - DEWEY DECIMAL CLASSIFICATION NUMBER
Classification number 233
100 ## - MAIN ENTRY--PERSONAL NAME
Personal name Sadar, P. S.
245 ## - TITLE STATEMENT
Title Origin of Shiv Dharma /
Statement of responsibility, etc by P. S. Sadar
260 ## - PUBLICATION, DISTRIBUTION, ETC. (IMPRINT)
Place of publication, distribution, etc Nagpur
Name of publisher, distributor, etc Purushottam Shriram Sadar
270 ## - ADDRESS
Address 71, Kowal Nagar
City Nagpur
Postal code 440022
300 ## - PHYSICAL DESCRIPTION
Extent 58p.
Dimensions 20cm (pbk)
650 ## - SUBJECT ADDED ENTRY--TOPICAL TERM
Topical term or geographic name as entry element Saivism
942 ## - ADDED ENTRY ELEMENTS (KOHA)
Source of classification or shelving scheme Dewey Decimal Classification
Item type English Books
Classification part 233
Call number suffix SAD
Holdings
Withdrawn status Lost status Not for loan Collection code Home library Current library Date acquired Source of acquisition Cost, normal purchase price Full call number Barcode Copy number Cost, replacement price Koha item type
    Not For Loan Non-fiction D.B.Act.Division D.B.Act.Division 14/08/2010 DBAD/PUB 30.00 233 SAD EN-83883 1 30.00 English Books

© Delhi Public Library
Hit Counter
free hit counter